| 000 | 00334nam a22001337a 4500 | ||
|---|---|---|---|
| 008 | 250703b |||||||| |||| 00| 0 eng d | ||
| 020 | _a1853830194 | ||
| 050 |
_aHD9391 _b.P56 |
||
| 100 | _aHARDOY E. Jorge | ||
| 245 | _aThe Poor Die Young | ||
| 260 |
_aLondon _bEarth Scan Publication Ltd. _c1990 |
||
| 300 | _axxvi, 309p. | ||
| 942 | _cBK | ||
| 999 |
_c4073 _d4073 |
||